000 00761nam a22002417a 4500
003 URS
005 20251120130711.0
008 251111b ||||| |||| 00| 0 eng d
020 _a9780335249572
040 _cURS
050 _aRC 321
_b.L576 2022
100 _aLong, Maggie
_eauthor
245 _aA Psychosocial Understanding of Self-Injury and Trauma
_bWounds and Their Meanings /
_cLong, Maggie
264 _aLondon
_bOpen International Publishing Limited
_c©2022
300 _a153 pages.,:
_c23 cm.
336 _2rdacontent
_atext
337 _2rdamedia
_aunmediated
338 _2rdacarrier
_3volume
650 0 _914268
_aSelf-injurious behavior
650 0 _914269
_aSelf-mutilation
650 0 _914270
_aSelf-mutilation
_xTreatment
942 _2lcc
_cFR
999 _c88759
_d88756